Statistics for City to River #2 - Difficult

Click here to take the quiz!

General Stats

  • This quiz has been taken 5,742 times
  • The average score is 10 of 20

Answer Stats

City River % Correct
VolgogradVolga
85%
El PasoRio Grande
81%
Xi'anYellow
78%
Yuma, ArizonaColorado
66%
OmahaMissouri
64%
TurinPo
58%
LyonRhone
56%
FallujahEuphrates
54%
NantesLoire
53%
Portland, OregonColumbia
47%
Hyderabad, PakistanIndus
47%
Newcastle, EnglandTyne
46%
WarsawVistula
37%
WhitehorseYukon
36%
RostovDon
35%
LimerickShannon
30%
GuangzhouPearl
28%
St. PetersburgNeva
28%
NottinghamTrent
23%
Portland, OregonWillamette
17%

Score Distribution

Percentile by Number Answered

Percent of People with Each Score

Your Score History

You have not taken this quiz